• 首页
  • 本馆介绍
  • 公告通知
  • 最新文献
  • 馆藏检索
  • 电子资源
  • 读者导购
  • 参考咨询
  • 我的图书馆
  • 登录
  • 详细信息显示
  • 放入我的书架
  • 预约/预借图书
  • 作者相关作品
  • 分类相关作品
  • 丛书相关作品
  • 出版社相关作品

书目信息

  • 表格格式
  • 工作单格式
  • 卡片格式
题名:
简明牛病诊断与防治原色图谱
    
 
作者: 谷风柱 , 李卫东 主编
分册:  
出版信息: 北京   化学工业出版社  2009
页数: 148页
开本: 21cm
丛书名: 简明畜禽疾病诊断与防治图谱丛书
单 册:
中图分类: S858.23-64
科图分类:
主题词: 牛病--诊疗--图谱 , 牛病
电子资源:
ISBN: 978-7-122-04230-9
000 01015oam2 2200277 45
001 1033106281
005 20100407164832.93
010    @a978-7-122-04230-9@dCNY27.00
100    @a20100401d2009 em y0chiy50 ea
101 0  @achi
102    @aCN@b110000
105    @aa z 000yy
106    @ar
200 1  @a简明牛病诊断与防治原色图谱@AJian Ming Niu Bing Zhen Duan Yu Fang Zhi Yuan Se Tu Pu@f谷风柱,李卫东主编@FGu Feng Zhu, Li Wei Dong Zhu Bian
210    @a北京@c化学工业出版社@d2009
215    @a148页@d21cm
225 2  @a简明畜禽疾病诊断与防治图谱丛书
330    @a本书图文并茂,介绍了牛的病毒性传染病、细菌性传染病、寄生虫疾病、内科病、外科病、产科病、乳腺病的病原、病因、症状、诊断、预防及治疗等内容。
461  0 @12001 @a简明畜禽疾病诊断与防治图谱丛书
606 0  @a牛病@x诊疗@j图谱
606 0  @a牛病
690    @aS858.23-64@v4
701  0 @a谷风柱@AGu Feng Zhu@4主编
701  0 @a李卫东@ALi Wei Dong@f(1964~)@4主编
801  0 @aCN@bTANGWEI@c20100407
905    @b0588497-501@dS858.23-64@e80@f5
    
    简明牛病诊断与防治原色图谱/谷风柱,李卫东主编.-北京:化学工业出版社,2009
    148页;21cm.-(简明畜禽疾病诊断与防治图谱丛书)
    
    
    ISBN 978-7-122-04230-9:CNY27.00
    本书图文并茂,介绍了牛的病毒性传染病、细菌性传染病、寄生虫疾病、内科病、外科病、产科病、乳腺病的病原、病因、症状、诊断、预防及治疗等内容。
●
相关链接 在E读中查询图书 在五车中查询图书 在当当中查询图书 在豆瓣中查询图书


正题名:简明牛病诊断与防治原色图谱     索取号:S858.23-64/80         预约/预借

序号 登录号 条形码 馆藏地/架位号 状态 备注
1 0588497   205884970   第二样本阅览室/ [索取号:S858.23-64/80] 在馆    
2 0588498   205884989   第三借阅区/ [索取号:S858.23-64/80] 在馆    
3 0588499   205884998   第三借阅区/ [索取号:S858.23-64/80] 在馆    
4 0588500   205885005   第三借阅区/ [索取号:S858.23-64/80] 在馆    
5 0588501   205885014   第三借阅区/ [索取号:S858.23-64/80] 在馆    
唐山师范学院图书馆 欢迎您!
大连网信软件有限公司© 版权所有